000 00992nam a2200313Ia 4500
003 OSt
005 20221007122609.0
006 a|||||r|||| 00| 0
007 ta
008 221006b |||||||| |||| 00| 0 eng d
020 _a9780471477419 (hbd)
024 _a127723
037 _b1296, 28/03/2011, Ashutosh Technical Books
_cTextbook
040 _aPAPL
_cPAPL
_beng
041 _2eng
_aeng
082 _aC7, P9 Carpa
100 _aCullity B D
_9714644
245 0 _aIntroduction to magnetic materials
_b Graham C D
250 _a2
260 _aNew
_bJersey Wiley
_c2009
300 _axvii, 544p.
_ccm.
500 _aAppendices 1-4, 527-536p.; Index 537-544p.
650 _a Electromagnetic physics
_9714645
650 _a Magnetic materials
_9714646
650 _aPhysics
700 _a Graham C D
_9714647
942 _hC7, P9 Carpa
_cTB
_2CC
999 _c1210640
_d1210640